| 000 | 00797nam a2200277 a 4500 | ||
|---|---|---|---|
| 003 | AR-BaBNM | ||
| 005 | 20251128205237.0 | ||
| 008 | 082120s2002 ||||||||||||||000 | spa|| | ||
| 020 | _a950-22-0310-0 | ||
| 040 | _cAR-BaBNM | ||
| 100 | 1 | _aSelf, George | |
| 245 | 0 | 0 |
_aNuevos sonidos en clase _buna aproximación práctica para la comprensión y ejecución de música contemporánea en las escuelas |
| 250 | _a1ª ed. | ||
| 260 |
_aBuenos Aires _bRicordi _c1991 |
||
| 300 |
_ap. irreg. _bil. |
||
| 650 | 4 | _aEDUCACION MUSICAL | |
| 650 | 4 | _aACUSTICA | |
| 650 | 4 | _aINSTRUMENTOS MUSICALES | |
| 650 | 4 | _aMATERIAL DIDACTICO | |
| 650 | 4 | _aCREATIVIDAD | |
| 650 | 4 | _aSIGLO VEINTE | |
| 650 | 4 | _aPARTITURAS MUSICALES | |
| 700 | 1 |
_aSchultis, Juan _etraductor |
|
| 942 | _cBK | ||
| 998 | _cCarmen | ||
| 999 |
_c10568 _d10568 |
||